000 00642 a2200181 4500
999 _c183176
_d183176
005 20211220101251.0
010 _aENG-130406
020 _a978-93-91370-53-4
_c595.00
035 _aEN-113938
037 _bDBAD/PUB
082 _a668.15
_b1
100 _aSumesh, Sangeeta Shankaran
245 _aWhere's The Moolah:
_bFinancial Growth Hacking for Business Profitability /
_cSangeeta Shankaran Sumesh
260 _aIndia
_bSage Publications Pvt Ltd.
_c2021
270 _aBI/I-I Mohan Cooperative Industrial Area Mathura Road
_bNew Delhi
_e110044
300 _a307p.
_c22cm (pbk)
_bill.
942 _adpl
_cEN
_2ddc
_h668.15
_mSUM